Освоение склонов балок под кормовые культуры (Запись № 12405424)
[ простой вид ]
| 000 -МАРКЕР | |
|---|---|
| контрольное поле | 01610nam0a2200289 4500 |
| 001 - ИДЕНТИФИКАТОР ЗАПИСИ | |
| контрольное поле | RU\NLR\BIBL_A\021983316 |
| 005 - ИДЕНТИФИКАТОР ВЕРСИИ | |
| контрольное поле | 20250625073750.0 |
| 021 ## - НОМЕР ГОСУДАРСТВЕННОЙ РЕГИСТРАЦИИ | |
| Код страны | Российская Федерация |
| Номер | П361-63 |
| 035 ## - ДРУГИЕ СИСТЕМНЫЕ НОМЕРА | |
| Идентификатор записи | (NLR Aleph) 021983316 |
| 100 ## - ДАННЫЕ ОБЩЕЙ ОБРАБОТКИ | |
| Данные общей обработки | 20130416d1963 |||y0rusy50 ca |
| 101 0# - ЯЗЫК РЕСУРСА | |
| Язык текста, звукозаписи и т.д. | русский |
| 102 ## - СТРАНА ПУБЛИКАЦИИ ИЛИ ПРОИЗВОДСТВА | |
| Страна публикации | Российская Федерация |
| 105 ## - ПОЛЕ КОДИРОВАННЫХ ДАННЫХ: ТЕКСТОВЫЕ МАТЕРИАЛЫ, МОНОГРАФИЧЕСКИЕ | |
| Кодированные данные о монографическом текстовом документе | y z ||||| |
| 200 1# - ЗАГЛАВИЕ И СВЕДЕНИЯ ОБ ОТВЕТСТВЕННОСТИ | |
| Основное заглавие | Освоение склонов балок под кормовые культуры |
| Первые сведения об ответственности | составитель: И.В. Бадулин |
| 210 ## - ПУБЛИКАЦИЯ, РАСПРОСТРАНЕНИЕ И ДР. | |
| Место издания, распространения и т.д. | Запорожье |
| Дата издания, распространения и т.д. | 1963 |
| 225 1# - СЕРИЯ | |
| Основное заглавие серии | Информационный бюллетень |
| Сведения об ответственности | Запорожская областная сельскохозяйственная опытная станция |
| Обозначение тома | 1963, Январь |
| 606 1# - НАИМЕНОВАНИЕ ТЕМЫ КАК ПРЕДМЕТ | |
| Наименование темы | Склоны балок |
| Тематический подзаголовок | Освоение |
| 606 1# - НАИМЕНОВАНИЕ ТЕМЫ КАК ПРЕДМЕТ | |
| Наименование темы | Кормовые растения |
| Тематический подзаголовок | Агротехника |
| Системный номер авторитетной/нормативной записи | 2450819 |
| Идентификатор авторитетной/нормативной записи | RU\NLR\AUTH\661457187 |
| 686 1# - ИНДЕКСЫ ДРУГИХ КЛАССИФИКАЦИЙ | |
| Индекс | П222-4 |
| 702 #1 - ИМЯ ЛИЦА - ВТОРИЧНАЯ ОТВЕТСТВЕННОСТЬ | |
| Начальный элемент ввода | Бадулин |
| Часть имени, кроме начального элемента ввода | И. В. |
| Расширение инициалов личного имени | Иван Васильевич |
| Код отношения | Составитель |
| 712 02 - НАИМЕНОВАНИЕ ОРГАНИЗАЦИИ - ВТОРИЧНАЯ ОТВЕТСТВЕННОСТЬ | |
| Начальный элемент ввода | Запорожская областная сельскохозяйственная опытная станция |
| -- | Всемирная организация здравоохранения |
| Структурное подразделение | Комитет экспертов по биологии переносчиков и борьбе с ними022335645 71200 L |
| Начальный элемент ввода | Литографская мастерская И. П. Беггрова |
| Идентифицирующий признак | Санкт-Петербург |
| Код отношения | |
| 801 #0 - ИСТОЧНИК ЗАПИСИ | |
| Страна | Российская Федерация |
| Организация | NLR |
| Правила каталогизации | psbo |
| 852 ## - МЕСТОНАХОЖДЕНИЕ И ШИФР ХРАНЕНИЯ | |
| Идентификатор организации | NLR |
| Шифр хранения (Call Number) | П49/1014 (1963, Январь) |
| 942 ## - ДОПОЛНИТЕЛЬНЫЕ ЭЛЕМЕНТЫ ЗАПИСИ (АБИС) | |
| Тип экземпляра АБИС | Книга |
| 980 ## - КОЛЛЕКЦИЯ | |
| Название коллекции | Национальная библиография |
Нет доступных экземпляров.